| 000 | 00383nam a2200157Ia 4500 | ||
|---|---|---|---|
| 008 | 230524s9999 xx 000 0 und d | ||
| 082 |
_a621.382 _bKHA |
||
| 100 | _aR.K.Khadse | ||
| 245 | 0 | _aPower and Industrial Electronics | |
| 250 | _a1ST | ||
| 260 |
_aNEW DELHI _bS.Chand _c2001 |
||
| 300 | _aVIII;164+3 | ||
| 500 | _aQuantity Number: 2 | ||
| 650 | _aElectrical | ||
| 942 | _cBK | ||
| 999 |
_c20286 _d20286 |
||